000 01034nam a22003497a 4500
001 BR0603273
003 BR-BrBNA
005 20230928102226.0
007 ta
008 230509b bl.||||| |||| 00| 0 por d
040 _aBR-BrBNA
_bpor
_cBiblioteca Nacional de Agricultura
041 _a(Por)
072 _aH20
_b1120
_b4120
090 _ 1120 BR0603273
100 1 _aMonteiro, J.H.A.
110 1 _aUniversidade Federal de Lavras, MG (Brasil)
_0Tese (Mestrado)
245 1 _aGrupos de compatibilidade vegetativa em isolados de Fusarium associados à malformação da mangueira no Brasil
260 3 _aLavras, MG (Brasil):
_c2006.
300 _a47 p.
500 _aSummaries (Eng, Por); Bibliography p. 36-42; 6 illus.
650 _aMANGA
650 _aFUSARIUM
650 _aFUNGO
650 _aEMBONECAMENTO
650 _aMICRORGANISMO
650 _aPOPULAÇÃO MICROBIANA
650 _aMUTANTE
650 _aCITOGENÉTICA
650 _aBIOTECNOLOGIA
909 _a202309
_bLucia
_c55
_dLucia Elande
942 _cBK
999 _c69741
_d69741